书目信息 |
| 题名: |
近代以来中国农村变迁史论
|
|
| 作者: | 宋洪远 总主编 ;王思明 本卷主编 | |
| 分册: | 第一卷 1840-1911 | |
| 出版信息: | 北京 清华大学出版社 2019 |
|
| 页数: | 15,432页 | |
| 开本: | 27cm | |
| 丛书名: | ||
| 单 册: | ||
| 中图分类: | C912.82 | |
| 科图分类: | ||
| 主题词: | 农村--nong cun--社会变迁--研究--中国 , 农村--nong cun--社会变迁--研究--中国--1840-1911 | |
| 电子资源: | ||
| ISBN: | 978-7-302-51342-1 | |
| 000 | 01402nam0 2200289 450 | |
| 001 | 2161465267 | |
| 005 | 20211003080512.45 | |
| 010 | @a978-7-302-51342-1@b精装@dCNY168.00 | |
| 100 | @a20200408d2019 em y0chiy50 ea | |
| 101 | 0 | @achi |
| 102 | @aCN@b110000 | |
| 105 | @ak z 000yy | |
| 106 | @ar | |
| 200 | 1 | @a近代以来中国农村变迁史论@Ajin dai yi lai zhong guo nong cun bian qian shi lun@h第一卷@i1840-1911@f宋洪远总主编@g王思明本卷主编 |
| 210 | @a北京@c清华大学出版社@d2019 | |
| 215 | @a15,432页@c表格@d27cm | |
| 300 | @a国家出版基金项目 “十三五”国家重点图书出版规划 清华大学中国农村研究院重大项目 | |
| 304 | @a分卷号取自封面 | |
| 330 | @a本书主要探讨自鸦片战争到中华民国成立七十余年间中国农村变迁史。以农村为中心、以农民为主体、以农业为主线,晚清既是百年变迁的起点,也是百年变迁的环境和条件。全书主要内容包括人口、土地、自然灾害、土地制度、经营制度、农业生产、农村市场、交通运输、农村金融、农民生活、农村文化、农业科技、农业改良等,重点围绕“农村变迁”这一主题,记述农村生活变化及其特点,系统地反映晚清社会转型中的“三农”演变过程及全景全貌。 | |
| 517 | 1 | @a1840-1911@A1840-1911 |
| 606 | 0 | @a农村@Anong cun@x社会变迁@x研究@y中国 |
| 606 | 0 | @a农村@Anong cun@x社会变迁@x研究@y中国@z1840-1911 |
| 690 | @aC912.82@v5 | |
| 701 | 0 | @a宋洪远@Asong hong yuan@4总主编 |
| 702 | 0 | @a王思明@Awang si ming@4本卷主编 |
| 801 | 0 | @aCN@b百万庄@c20210929 |
| 905 | @b1302886-89@dC912.82@e1778:1@f4 | |
| 近代以来中国农村变迁史论.第一卷.1840-1911/宋洪远总主编/王思明本卷主编.-北京:清华大学出版社,2019 |
| 15,432页:表格;27cm |
| 国家出版基金项目 “十三五”国家重点图书出版规划 清华大学中国农村研究院重大项目 |
| ISBN 978-7-302-51342-1(精装):CNY168.00 |
| 本书主要探讨自鸦片战争到中华民国成立七十余年间中国农村变迁史。以农村为中心、以农民为主体、以农业为主线,晚清既是百年变迁的起点,也是百年变迁的环境和条件。全书主要内容包括人口、土地、自然灾害、土地制度、经营制度、农业生产、农村市场、交通运输、农村金融、农民生活、农村文化、农业科技、农业改良等,重点围绕“农村变迁”这一主题,记述农村生活变化及其特点,系统地反映晚清社会转型中的“三农”演变过程及全景全貌。 |
| ● |
| 相关链接 |
|
|
|
|
正题名:近代以来中国农村变迁史论
索取号:C912.82/1778:1
 
预约/预借
| 序号 | 登录号 | 条形码 | 馆藏地/架位号 | 状态 | 备注 |
| 1 | 1302886 | 213028864 | 第一样本阅览室/ [索取号:C912.82/1778:1] | 在馆 | |
| 2 | 1302887 | 213028873 | 第一借阅区/ [索取号:C912.82/1778:1] | 在馆 | |
| 3 | 1302888 | 213028882 | 第一借阅区/ [索取号:C912.82/1778:1] | 在馆 | |
| 4 | 1302889 | 213028891 | 第一借阅区/ [索取号:C912.82/1778:1] | 在馆 |